[Event "4NCL/Div1/WGR1 vs. BRI1"]
[Site "Telford ENG"]
[Date "2003.03.09"]
[Round "6.8"]
[White "Headlong, Fenella"]
[Black "Lee, Graham D"]
[Result "0-1"]
[WhiteElo "1672"]
[BlackElo "2367"]
[PlyCount "52"]
[EventDate "2003.03.09"]

1. e4 c6 2. d4 d5 3. exd5 cxd5 4. Bd3 Nc6 5. c3 Nf6 6. Bf4 Bg4 7. Qb3 Qc8 8.
Nd2 Bh5 9. Ngf3 Bg6 10. Bb5 a6 11. Bxc6+ Qxc6 12. Ne5 Qc8 13. O-O e6 14. c4
dxc4 15. Ndxc4 Nd5 16. Rac1 Nxf4 17. Nb6 Qd8 18. Qa4+ Ke7 19. Qa3+ Qd6 20. Rc7+
Kd8 21. Qa4 Kxc7 22. Nxa8+ Kb8 23. Qe8+ Ka7 24. Nd7 Ne2+ 25. Kh1 Qxh2+ 26. Kxh2
Bd6+ 0-1

[Event "4NCL/Div1/SLO1 vs. BET"]
[Site "Telford ENG"]
[Date "2003.03.09"]
[Round "6.1"]
[White "Spraggett, Kevin"]
[Black "Ledger, Andrew J"]
[Result "1/2-1/2"]
[WhiteElo "2526"]
[BlackElo "2397"]
[PlyCount "57"]
[EventDate "2003.03.09"]

1. e4 c6 2. d4 d5 3. e5 Bf5 4. Nf3 e6 5. a3 Nd7 6. Be2 c5 7. c4 dxc4 8. Bxc4 a6
9. Nc3 cxd4 10. Qxd4 Ne7 11. O-O Nc6 12. Qf4 h6 13. Ne4 g5 14. Qe3 Ndxe5 15.
Nxe5 Nxe5 16. Be2 Bxe4 17. Qxe4 Qd5 18. Qxd5 exd5 19. f4 gxf4 20. Bxf4 Bg7 21.
Rad1 Rd8 22. b3 O-O 23. Bxe5 Bxe5 24. Bf3 Kg7 25. Rxd5 Rxd5 26. Bxd5 Bd4+ 27.
Kh1 b6 28. a4 a5 29. g3 1/2-1/2

[Event "4NCL/Div1/SLO1 vs. BET"]
[Site "Telford ENG"]
[Date "2003.03.09"]
[Round "6.2"]
[White "Williams, Simon K"]
[Black "Wohl, Aleksandar H"]
[Result "1-0"]
[WhiteElo "2405"]
[BlackElo "2415"]
[PlyCount "43"]
[EventDate "2003.03.09"]

1. c4 e6 2. Nc3 b6 3. e4 Bb7 4. Bd3 Nc6 5. Nf3 Nge7 6. O-O Ng6 7. Bc2 e5 8. d4
exd4 9. Nxd4 Nxd4 10. Qxd4 Qh4 11. Nb5 O-O-O 12. Nxa7+ Kb8 13. Nb5 Bc5 14. Qc3
Rhe8 15. b4 Bf8 16. c5 bxc5 17. bxc5 Re5 18. Qa5 Rxc5 19. Rb1 d5 20. Ba4 Qe7
21. Qa7+ Kc8 22. Qa8+ 1-0

[Event "4NCL/Div1/SLO1 vs. BET"]
[Site "Telford ENG"]
[Date "2003.03.09"]
[Round "6.3"]
[White "Houska, Jovanka"]
[Black "Pert, Nicholas"]
[Result "1-0"]
[WhiteElo "2386"]
[BlackElo "2468"]
[PlyCount "77"]
[EventDate "2003.03.09"]

1. e4 e6 2. d4 d5 3. e5 c5 4. c3 Nc6 5. Nf3 Nge7 6. a3 c4 7. Nbd2 Na5 8. Qc2
Bd7 9. Be2 Nc8 10. O-O Nb6 11. Ne1 Qc7 12. f4 O-O-O 13. a4 Kb8 14. Nef3 f6 15.
Bd1 Be7 16. Re1 Qc8 17. Qb1 f5 18. b4 cxb3 19. Nxb3 Nxb3 20. Qxb3 Nc4 21. Nd2
Qc7 22. Nxc4 dxc4 23. Qa2 Rc8 24. Bf3 Bc6 25. Bxc6 Qxc6 26. Ba3 Bd8 27. Rab1 g5
28. Bd6+ Ka8 29. fxg5 Bxg5 30. Rb5 b6 31. Reb1 Kb7 32. a5 Bd8 33. axb6 Bxb6 34.
Bc5 Ra8 35. Qb2 Kc7 36. Bxb6+ axb6 37. Rxb6 Qd5 38. Rb7+ Kc8 39. Qb6 1-0

[Event "4NCL/Div1/SLO1 vs. BET"]
[Site "Telford ENG"]
[Date "2003.03.09"]
[Round "6.4"]
[White "Hunt, Adam C"]
[Black "McNab, Colin A"]
[Result "1-0"]
[WhiteElo "2365"]
[BlackElo "2423"]
[PlyCount "143"]
[EventDate "2003.03.09"]

1. e4 g6 2. d4 d6 3. Nc3 Bg7 4. Be3 Nf6 5. h3 c6 6. a4 O-O 7. Nf3 d5 8. e5 Ne4
9. Nxe4 dxe4 10. Ng5 c5 11. dxc5 Qc7 12. Nxe4 Qxe5 13. Nc3 Be6 14. Be2 Nd7 15.
c6 bxc6 16. O-O Nb6 17. Re1 Qa5 18. Bd2 Rfd8 19. Qc1 Qc5 20. a5 Nc4 21. Bxc4
Qxc4 22. Re4 Qc5 23. Rh4 Bf5 24. Be3 Qd6 25. Rc4 Rd7 26. g4 Be6 27. Bf4 Bh6 28.
Re4 Bxf4 29. Rxf4 Rb8 30. b3 Qe5 31. Rf3 h5 32. Re3 Qh8 33. Qe1 Kf8 34. Ne4
hxg4 35. Nc5 gxh3 36. Rxe6 Rd5 37. Re5 Rbd8 38. Nd3 Rd4 39. f3 Qf6 40. Qg3 c5
41. Rae1 c4 42. bxc4 Rxc4 43. R1e2 Kg7 44. Kh2 e6 45. R5e4 Rdc8 46. Rxc4 Rxc4
47. Ne5 Ra4 48. Nd7 Qd4 49. Qe5+ Qxe5+ 50. Rxe5 Rd4 51. Nb8 Rd2+ 52. Kxh3 Rxc2
53. Rb5 Rc3 54. Kg2 f5 55. Rb7+ Kf6 56. Rxa7 Ke5 57. Rb7 Ra3 58. a6 Kf4 59. a7
Ra2+ 60. Kf1 Kxf3 61. Rb3+ Kf4 62. Nc6 g5 63. Rb8 Ra1+ 64. Ke2 Ra2+ 65. Kd3
Ra3+ 66. Kc4 Ke4 67. a8=Q Rxa8 68. Rxa8 f4 69. Re8 f3 70. Rxe6+ Kf4 71. Kd3 g4
72. Rf6+ 1-0

[Event "4NCL/Div1/SLO1 vs. BET"]
[Site "Telford ENG"]
[Date "2003.03.09"]
[Round "6.5"]
[White "Lappage, Jonathan"]
[Black "Eames, Robert G"]
[Result "0-1"]
[WhiteElo "2208"]
[BlackElo "2313"]
[PlyCount "84"]
[EventDate "2003.03.09"]

1. e4 e5 2. Nf3 Nc6 3. Bb5 f5 4. Nc3 Nf6 5. Qe2 fxe4 6. Nxe4 d5 7. Nxf6+ gxf6
8. d4 Bg7 9. dxe5 O-O 10. Bxc6 bxc6 11. e6 Re8 12. O-O c5 13. Qb5 Bf8 14. Be3
Rxe6 15. Rfe1 c6 16. Qd3 Bd6 17. c4 Ba6 18. Qf5 Qd7 19. b3 d4 20. Qg4+ Kh8 21.
Nxd4 cxd4 22. Qxd4 c5 23. Qd2 Rae8 24. Rad1 Bb7 25. f3 Qc7 26. f4 Rg8 27. g3
Bf3 28. Bf2 Rxe1+ 29. Rxe1 Bb7 30. Qc3 {(=)} 30... Qf7 31. f5 Bc8 32. Qd3 Bf8
33. Be3 Qd7 34. Qc3 Qc6 35. Rd1 Bxf5 36. Rf1 Bh3 37. Qxf6+ Qxf6 38. Rxf6 Bg7
39. Rf7 Re8 40. Rxa7 Bd4 41. Bxd4+ cxd4 42. Ra5 Rf8 0-1

[Event "4NCL/Div1/SLO1 vs. BET"]
[Site "Telford ENG"]
[Date "2003.03.09"]
[Round "6.6"]
[White "Ledger, David J"]
[Black "Howell, David WL"]
[Result "0-1"]
[WhiteElo "2267"]
[BlackElo "2257"]
[PlyCount "74"]
[EventDate "2003.03.09"]

1. e4 e5 2. Bc4 Nf6 3. d3 Nc6 4. Nf3 Bc5 5. c3 a6 6. Bb3 Ba7 7. O-O d6 8. Nbd2
O-O 9. Nc4 h6 10. Re1 Ne7 11. h3 Ng6 12. d4 b5 13. Na5 Bd7 14. dxe5 dxe5 15.
Bc2 c5 16. b4 c4 17. Be3 Bxe3 18. Rxe3 Qb6 19. Qf1 Nh5 20. Rd1 Be6 21. Kh2 Nhf4
22. Ng1 Rad8 23. g3 Rxd1 24. Qxd1 Rd8 25. Qf3 Nd3 26. Kg2 Nc1 27. Re1 Nd3 28.
Re3 f5 29. Bxd3 f4 30. Bxc4 bxc4 31. Re1 Rd3 32. Qh5 Rxc3 33. Re2 fxg3 34. fxg3
Rxg3+ 35. Kxg3 Qxg1+ 36. Kf3 Qf1+ 37. Rf2 Qd1+ 0-1

[Event "4NCL/Div1/SLO1 vs. BET"]
[Site "Telford ENG"]
[Date "2003.03.09"]
[Round "6.7"]
[White "Williams, Samuel G"]
[Black "Ledger, Stephen C"]
[Result "1/2-1/2"]
[WhiteElo "2161"]
[BlackElo "2172"]
[PlyCount "134"]
[EventDate "2003.03.09"]

1. e4 c5 2. Nc3 Nc6 3. Bb5 Nd4 4. Bc4 g6 5. Nf3 Bg7 6. Nxd4 cxd4 7. Qf3 Nh6 8.
d3 O-O 9. Ne2 d6 10. Qg3 Ng4 11. Bb3 Qb6 12. h3 Nf6 13. f4 e6 14. Qf2 Nd7 15.
O-O Nc5 16. g4 Nxb3 17. axb3 f5 18. Ng3 Bd7 19. Bd2 Rac8 20. Rac1 Qd8 21. Qe2
Qh4 22. Kg2 e5 23. gxf5 gxf5 24. exf5 Bxf5 25. Nxf5 Rxf5 26. Qg4 Qxg4+ 27. hxg4
Rf7 28. f5 d5 29. c3 dxc3 30. bxc3 Rcf8 31. Rce1 h5 32. Kg3 hxg4 33. Kxg4 Rc8
34. Rf3 Kf8 35. c4 dxc4 36. dxc4 Bf6 37. Kh3 Rg7 38. Bh6 Kf7 39. Bxg7 Kxg7 40.
Rg3+ Kf7 41. Rd1 Rc7 42. Rd5 e4 43. Re3 Re7 44. Kg4 Bg7 45. Rd6 Be5 46. Re6
Rxe6 47. fxe6+ Kxe6 48. Rxe4 Kd6 49. Kf5 Bc3 50. Re3 Bb4 51. Re6+ Kc5 52. Ke4
b6 53. Re7 a5 54. Re5+ Kd6 55. Rb5 Bc5 56. Kf5 Bf2 57. Kf6 Bc5 58. Kf5 Bf2 59.
Kf6 Bc5 60. Kf7 Ke5 61. Ke8 Kd4 62. Kd7 Kc3 63. Kc6 Bf2 64. Kb7 Bg1 65. Ka6 Bf2
66. Kb7 Bg1 67. Kc6 Bf2 1/2-1/2

[Event "4NCL/Div1/SLO1 vs. BET"]
[Site "Telford ENG"]
[Date "2003.03.09"]
[Round "6.8"]
[White "Tidman, Sophie"]
[Black "Tarifa, Alket"]
[Result "1-0"]
[WhiteElo "2129"]
[BlackElo "2159"]
[PlyCount "103"]
[EventDate "2003.03.09"]

1. e4 e5 2. Nf3 Nc6 3. Bc4 Bc5 4. O-O Nf6 5. d3 h6 6. Nc3 a6 7. Ne2 d6 8. h3
Be6 9. Ng3 Qd7 10. c3 Ba7 11. Bb3 g5 12. d4 Bxb3 13. axb3 exd4 14. cxd4 O-O-O
15. Qd3 g4 16. hxg4 Qxg4 17. Bd2 h5 18. Nh2 Qg6 19. Nf5 Rhg8 20. g3 Rde8 21.
Rfe1 Rh8 22. Nh4 Qh7 23. d5 Ne5 24. Qc2 Nfg4 25. Nxg4 Nxg4 26. Re2 Re7 27. Nf5
Rd7 28. Rc1 Bb6 29. Bc3 Rg8 30. e5 Kb8 31. e6 fxe6 32. dxe6 Rdd8 33. e7 Rc8 34.
Ng7 Rxg7 35. e8=Q Bxf2+ 36. Kh1 Rxe8 37. Rxe8+ Ka7 38. Bxg7 Qxg7 39. Qxc7 Qd4
40. Qc4 Qxb2 41. Re2 Qf6 42. Qf4 Qd4 43. Qxd4+ Bxd4 44. Re7 Be5 45. Rcc7 a5 46.
Rxb7+ Ka6 47. Kg2 Ne3+ 48. Kf3 Nf5 49. Rec7 Nxg3 50. Rb8 h4 51. b4 axb4 52. Rc2
1-0

[Event "4NCL/Div1/PYO vs. RIC"]
[Site "Telford ENG"]
[Date "2003.03.09"]
[Round "6.1"]
[White "Haslinger, Stewart"]
[Black "Bates, Richard A"]
[Result "0-1"]
[WhiteElo "2385"]
[BlackElo "2367"]
[PlyCount "104"]
[EventDate "2003.03.09"]

1. e4 c5 2. Nf3 d6 3. d4 cxd4 4. Nxd4 Nf6 5. Nc3 a6 6. f3 e5 7. Nb3 Be6 8. Be3
h5 9. Qd2 Nbd7 10. O-O-O Rc8 11. h3 b5 12. Bd3 Nb6 13. Bxb6 Qxb6 14. g4 g6 15.
Be2 b4 16. Nd5 Bxd5 17. exd5 a5 18. Rhe1 Nd7 19. Kb1 Bh6 20. g5 Bg7 21. f4 a4
22. Nc1 a3 23. b3 Kf8 24. Rf1 Nc5 25. Qe3 Qc7 26. c4 bxc3 27. Kc2 exf4 28. Rxf4
Re8 29. Qf3 Be5 30. Rc4 Qe7 31. Rf1 Kg7 32. h4 Rhf8 33. b4 Na4 34. Re4 Nb2 35.
Nb3 f5 36. gxf6+ Rxf6 37. Qg2 Rxf1 38. Bxf1 Qf7 39. Re2 Qf5+ 40. Re4 Bf6 41.
Bd3 Nxd3 42. Kxd3 Qxd5+ 43. Ke3 Rxe4+ 44. Qxe4 Qxb3 45. axb3 a2 46. Qh1 c2 47.
Kd2 a1=Q 48. Qb7+ Kh6 49. Kxc2 Qc3+ 50. Kd1 Qxb3+ 51. Ke2 Qc4+ 52. Kd1 Bc3 0-1

[Event "4NCL/Div1/PYO vs. RIC"]
[Site "Telford ENG"]
[Date "2003.03.09"]
[Round "6.2"]
[White "Rotchev, Iouri"]
[Black "Taylor, Martin R"]
[Result "1-0"]
[WhiteElo "2300"]
[BlackElo "2300"]
[PlyCount "59"]
[EventDate "2003.03.09"]

1. d4 d5 2. c4 e6 3. Nc3 Nf6 4. Bg5 Nbd7 5. e3 c6 6. a3 Be7 7. Nf3 O-O 8. Qc2
b6 9. cxd5 exd5 10. Bd3 Bb7 11. O-O h6 12. Bf4 Re8 13. Rfe1 Nf8 14. Rad1 Ne6
15. Bg3 Bd6 16. Ne5 Rc8 17. Bf5 c5 18. Qb1 cxd4 19. exd4 Bxa3 20. Qa1 Bb4 21.
Qxa7 Re7 22. Nxf7 Kxf7 23. Bxe6+ Rxe6 24. Rxe6 Kxe6 25. Qxb7 Bxc3 26. bxc3 Nd7
27. Re1+ Kf7 28. Qxd5+ Kg6 29. Qe4+ Kf7 30. Qe6+ 1-0

[Event "4NCL/Div1/PYO vs. RIC"]
[Site "Telford ENG"]
[Date "2003.03.09"]
[Round "6.3"]
[White "Bigg, Andrew J"]
[Black "Hinks-Edwards, Thomas"]
[Result "0-1"]
[WhiteElo "2292"]
[BlackElo "2363"]
[PlyCount "78"]
[EventDate "2003.03.09"]

1. d4 Nf6 2. Nf3 e6 3. e3 c5 4. Bd3 Nc6 5. O-O d5 6. b3 Be7 7. Bb2 O-O 8. Nbd2
b6 9. Ne5 Nxe5 10. dxe5 Nd7 11. f4 f5 12. c4 Nb8 13. Qc2 Nc6 14. a3 d4 15. e4
a5 16. exf5 exf5 17. Rae1 Be6 18. g4 g6 19. Re2 Qd7 20. h4 fxg4 21. h5 Bf5 22.
hxg6 hxg6 23. Ne4 Qe6 24. Rh2 Kg7 25. Ng3 Bxd3 26. Qxd3 Rh8 27. f5 Qxe5 28. Re2
Qc7 29. Rxe7+ Nxe7 30. f6+ Kh7 31. fxe7 Qxe7 32. Ne4 Rhf8 33. Bc1 Rxf1+ 34.
Kxf1 Re8 35. Ng5+ Kg7 36. Bd2 Qf6+ 37. Kg2 Qf5 38. Qf1 Qxf1+ 39. Kxf1 Kf6 0-1

[Event "4NCL/Div1/PYO vs. RIC"]
[Site "Telford ENG"]
[Date "2003.03.09"]
[Round "6.4"]
[White "Webb, Laurence E"]
[Black "Jones, Gawain CB"]
[Result "1/2-1/2"]
[WhiteElo "2279"]
[BlackElo "2271"]
[PlyCount "48"]
[EventDate "2003.03.09"]

1. d4 Nf6 2. Nf3 c5 3. d5 b5 4. Bg5 Qb6 5. c3 g6 6. Bxf6 Qxf6 7. e4 Qb6 8. Nbd2
Bg7 9. a4 bxa4 10. Nc4 Qb7 11. e5 O-O 12. Be2 d6 13. exd6 exd6 14. O-O Qc7 15.
Qxa4 Bb7 16. Rad1 Nd7 17. Rfe1 Nb6 18. Nxb6 axb6 19. Qb3 Ba6 20. Bxa6 Rxa6 21.
Nd2 Qb8 22. Qb5 Ra5 23. Qd7 Ra7 24. Qb5 Ra5 1/2-1/2

[Event "4NCL/Div1/PYO vs. RIC"]
[Site "Telford ENG"]
[Date "2003.03.09"]
[Round "6.5"]
[White "Broomfield, Matthew"]
[Black "Phillips, Roy"]
[Result "1-0"]
[WhiteElo "2255"]
[BlackElo "2217"]
[PlyCount "80"]
[EventDate "2003.03.09"]

1. d4 e6 2. Nf3 f5 3. c4 Nf6 4. g3 Be7 5. Bg2 O-O 6. O-O d6 7. Nc3 a5 8. b3 Ne4
9. Bb2 Nxc3 10. Bxc3 Qe8 11. Ne1 Bf6 12. e4 fxe4 13. Bxe4 e5 14. dxe5 Bxe5 15.
Bxe5 Qxe5 16. Qd5+ Qxd5 17. Bxd5+ Kh8 18. Nd3 Nc6 19. c5 Bf5 20. Bxc6 bxc6 21.
Nb2 d5 22. Rfe1 Rfe8 23. f3 Kg8 24. Kf2 Kf7 25. Rxe8 Rxe8 26. Rd1 Rd8 27. Nc4
d4 28. Nxa5 d3 29. Rd2 Ke6 30. Nxc6 Rd7 31. Nb4 Ke5 32. Ke3 Rf7 33. Nxd3+ Kd5
34. b4 g5 35. f4 gxf4+ 36. gxf4 Bxd3 37. Rxd3+ Kc4 38. Rd4+ Kc3 39. Re4 Kb2 40.
a4 Kb3 1-0

[Event "4NCL/Div1/PYO vs. RIC"]
[Site "Telford ENG"]
[Date "2003.03.09"]
[Round "6.6"]
[White "Nixon, Thomas CM"]
[Black "Rendle, Thomas E"]
[Result "1/2-1/2"]
[WhiteElo "2204"]
[BlackElo "2238"]
[PlyCount "154"]
[EventDate "2003.03.09"]

1. d4 f5 2. Nf3 g6 3. g3 Nf6 4. Bg2 Bg7 5. O-O O-O 6. c4 d6 7. d5 Nbd7 8. Nd4
Ne5 9. b3 Ne4 10. Bb2 Nc5 11. Nd2 a5 12. a3 Bd7 13. Qc2 Qc8 14. e3 Qe8 15. f4
Ng4 16. Rae1 Nf6 {(=)} 17. b4 axb4 18. axb4 Na6 19. Qb3 Qb8 20. Rc1 Qa7 21. Nb5
Qb8 22. Nd4 Qa7 23. h3 Kh8 24. Kh2 Qb6 25. Ba3 Nh5 26. Qc3 c5 27. dxc6 bxc6 28.
c5 dxc5 29. bxc5 Qc7 30. Qc4 e5 31. N4f3 exf4 32. exf4 Qa5 33. Ra1 Qb5 34. Rab1
Qa5 35. Ra1 Qc7 36. Ra2 Nb8 37. Ne5 Be8 38. Bb2 Rxa2 39. Qxa2 Nf6 40. Ndc4 Bf7
41. Nxf7+ Qxf7 42. Qa4 Qe6 43. Be5 Nbd7 44. Bd6 Rc8 45. Na5 Nd5 46. Qc4 Qe8 47.
Qc1 Ra8 48. Re1 Qc8 49. Nc4 {(=)} 49... Ra1 50. Qd2 Bc3 51. Qxc3+ Nxc3 52. Rxa1
Ne4 53. Bxe4 fxe4 54. Ra7 e3 55. Nxe3 {(=)} 55... Qe8 56. Ng2 Kg8 57. Rc7 Nf6
58. Be5 Qe6 59. g4 Ne8 60. Rb7 Qd5 61. Rb8 Kf7 62. Rb7+ Kf8 63. Rxh7 Qxc5 64.
h4 Kg8 65. Rh8+ Kf7 66. h5 gxh5 67. Rxh5 Qc2 68. Rh6 Ke7 69. g5 c5 70. g6 c4
71. g7 Kf7 72. Rb6 Qe4 73. Ra6 Kg8 74. Ra7 Qh7+ 75. Kg1 Qb1+ 76. Kh2 Qh7+ 77.
Kg1 Qb1+ 1/2-1/2

[Event "4NCL/Div1/PYO vs. RIC"]
[Site "Telford ENG"]
[Date "2003.03.09"]
[Round "6.7"]
[White "Gilbert, Jessie"]
[Black "Franklin, Michael J"]
[Result "1/2-1/2"]
[WhiteElo "2116"]
[BlackElo "2222"]
[PlyCount "36"]
[EventDate "2003.03.09"]

1. d4 Nf6 2. c4 e6 3. Nf3 Bb4+ 4. Bd2 Qe7 5. g3 O-O 6. Bg2 Bxd2+ 7. Nbxd2 d6 8.
O-O Nbd7 9. Qc2 e5 10. e4 b6 11. Rfe1 g6 12. Rad1 Bb7 13. Nb1 Rfe8 14. Nc3 c6
15. Re2 a6 16. a4 a5 17. Red2 Rac8 18. b3 Rc7 1/2-1/2

[Event "4NCL/Div1/PYO vs. RIC"]
[Site "Telford ENG"]
[Date "2003.03.09"]
[Round "6.8"]
[White "Wilson, Alexandra"]
[Black "Dorrington, Christopher"]
[Result "0-1"]
[WhiteElo "2029"]
[BlackElo "2188"]
[PlyCount "80"]
[EventDate "2003.03.09"]

1. e4 Nf6 2. e5 Nd5 3. c4 Nb6 4. c5 Nd5 5. Nc3 e6 6. d4 d6 7. Nxd5 exd5 8. cxd6
cxd6 9. Nf3 Nc6 10. Be2 dxe5 11. Nxe5 Qb6 12. Nxc6 bxc6 13. O-O Be7 14. b3 O-O
15. Be3 a5 16. Rc1 Ba3 17. Rc2 Bd7 18. Bd3 a4 19. Qh5 g6 20. Qh4 axb3 21. Qf6
Rfe8 22. Bh6 Bf8 23. Bxf8 Rxf8 24. axb3 Qxb3 25. Rd2 Qc3 26. Rdd1 c5 27. Qf3 c4
28. Be2 Qxf3 29. Bxf3 Be6 30. Rc1 Ra2 31. Ra1 Rfa8 32. Rxa2 Rxa2 33. Rd1 Rb2
34. Kf1 Kf8 35. Ke1 Ke7 36. Rc1 Kd6 37. Bd1 Kc6 38. Bc2 Kb5 39. Kd2 Bf5 40. Kc3
Rxc2+ 0-1

[Event "4NCL/Div1/SLO1 vs. PYO"]
[Site "Telford ENG"]
[Date "2003.04.12"]
[Round "7.1"]
[White "Wells, Peter K"]
[Black "Haslinger, Stewart"]
[Result "1/2-1/2"]
[WhiteElo "2487"]
[BlackElo "2385"]
[PlyCount "58"]
[EventDate "2003.04.12"]

1. d4 d5 2. c4 e6 3. Nf3 c6 4. e3 Nf6 5. Bd3 dxc4 6. Bxc4 Nbd7 7. O-O Bd6 8.
Qc2 O-O 9. Rd1 Qe7 10. Nc3 e5 11. Bb3 e4 12. Ng5 Bxh2+ 13. Kxh2 Ng4+ 14. Kg1
Qxg5 15. Qxe4 Ndf6 16. Qf4 Qh4 17. Qg3 Qxg3 18. fxg3 Re8 19. d5 Bf5 20. dxc6
bxc6 21. Rd6 Nh5 22. Rxc6 Nxg3 23. Rc7 Be6 24. Ba4 Rec8 25. Rxc8+ Rxc8 26. Bd2
h5 27. e4 Rc4 28. Re1 Rb4 29. Bg5 f5 1/2-1/2

[Event "4NCL/Div1/SLO1 vs. PYO"]
[Site "Telford ENG"]
[Date "2003.04.12"]
[Round "7.2"]
[White "Taylor, Martin R"]
[Black "Houska, Jovanka"]
[Result "1-0"]
[WhiteElo "2300"]
[BlackElo "2386"]
[PlyCount "105"]
[EventDate "2003.04.12"]

1. c4 c6 2. g3 d5 3. Bg2 Nf6 4. Nf3 Bg4 5. Ne5 Bf5 6. cxd5 cxd5 7. Nc3 e6 8.
Qa4+ Nfd7 9. Nxd5 Bc5 10. Ne3 Bxe3 11. dxe3 Qc7 12. Nxd7 Nxd7 13. Bd2 O-O 14.
Rc1 Qd8 15. Ba5 Nb6 16. Qb5 Rb8 17. O-O Qe8 18. Qb3 f6 19. Bxb6 axb6 20. Qxb6
Rf7 21. Rfd1 h6 22. e4 Bg6 23. Bh3 Re7 24. Rc7 Rxc7 25. Qxc7 Bxe4 26. Bxe6+ Kh8
27. Qd7 Qh5 28. Bg4 Qa5 29. Qe7 Bc6 30. Qd6 Re8 31. a3 Qb5 32. b4 Ra8 33. Rd3
Qc4 34. Bf3 Rxa3 35. Rxa3 Qc1+ 36. Kg2 Qxa3 37. Bxc6 bxc6 38. Qd8+ Kh7 39. Qd3+
Qxd3 40. exd3 Kg6 41. Kf3 Kf5 42. d4 Ke6 43. Ke4 f5+ 44. Kd3 Kd5 45. h4 g5 46.
hxg5 hxg5 47. f3 Ke6 48. Kc4 Kd6 49. d5 cxd5+ 50. Kd4 f4 51. gxf4 gxf4 52. b5
Ke6 53. Kc5 1-0

[Event "4NCL/Div1/SLO1 vs. PYO"]
[Site "Telford ENG"]
[Date "2003.04.12"]
[Round "7.3"]
[White "Devereaux, Maxim"]
[Black "Bigg, Andrew J"]
[Result "1/2-1/2"]
[WhiteElo "2305"]
[BlackElo "2292"]
[PlyCount "97"]
[EventDate "2003.04.12"]

1. d4 Nf6 2. Nf3 g6 3. g3 Bg7 4. Bg2 O-O 5. c4 c5 6. Nc3 cxd4 7. Nxd4 Nc6 8.
O-O Nxd4 9. Qxd4 d6 10. Qd3 a6 11. Bg5 Bf5 12. Qd2 Rb8 13. Rfd1 b5 14. cxb5
axb5 15. e4 Bg4 16. f3 Be6 17. e5 Ne8 18. exd6 Nxd6 19. Nd5 Bxd5 20. Qxd5 Bxb2
21. Rab1 Bg7 22. Bf1 h6 23. Be3 Nf5 24. Bf2 Qa5 25. Rxb5 Rxb5 26. Bxb5 Bd4 27.
Rxd4 Nxd4 28. Bxd4 Rd8 29. Qe5 Rxd4 30. Qxd4 Qxb5 {(=)} 31. a4 Qb1+ 32. Kg2
Qc2+ 33. Kh3 h5 34. Qe4 Qd1 35. a5 Qf1+ 36. Kh4 Qf2 37. Kg5 Qc5+ 38. Kh6 Qxa5
39. Qd4 e5 40. Qd6 Qa8 41. Qxe5 Qf8+ 42. Kg5 Qg7 43. f4 Kh7 44. Qe7 Qh6+ 45.
Kh4 Qg7 46. h3 f6 47. Qe6 Kh6 48. g4 g5+ 49. Kg3 1/2-1/2

[Event "4NCL/Div1/SLO1 vs. PYO"]
[Site "Telford ENG"]
[Date "2003.04.12"]
[Round "7.4"]
[White "Rendle, Thomas E"]
[Black "Thiruchelvam, Murugan"]
[Result "0-1"]
[WhiteElo "2253"]
[BlackElo "2259"]
[PlyCount "76"]
[EventDate "2003.04.12"]

1. e4 c6 2. d4 d5 3. e5 Bf5 4. Nc3 e6 5. Bd3 Bxd3 6. Qxd3 c5 7. Nge2 Nc6 8. f4
Nh6 9. Be3 Nf5 10. Bf2 Nfxd4 11. Nxd4 cxd4 12. Bxd4 Nxd4 13. Qxd4 Qa5 14. Qd3
Rc8 15. O-O Qb6+ 16. Kh1 Qxb2 17. Nb5 Qxc2 18. Qg3 Qg6 19. Qb3 Rc2 20. Rg1 Bc5
21. Nd6+ Bxd6 22. Qb5+ Rc6 23. Qxb7 Qc2 24. exd6 O-O 25. Qxa7 Rxd6 26. Qd4 Rc6
27. Qe5 h6 28. a4 Ra8 29. a5 Rca6 30. Rac1 Qd3 31. Rc3 Qe4 32. Qxe4 dxe4 33.
Re3 f5 34. g4 Rxa5 35. g5 hxg5 36. Rxg5 Ra1+ 37. Kg2 R8a2+ 38. Kh3 Rh1 0-1

[Event "4NCL/Div1/SLO1 vs. PYO"]
[Site "Telford ENG"]
[Date "2003.04.12"]
[Round "7.5"]
[White "Lappage, Jonathan"]
[Black "Hodge, David J"]
[Result "1-0"]
[WhiteElo "2208"]
[BlackElo "2165"]
[PlyCount "127"]
[EventDate "2003.04.12"]

1. e4 e5 2. Nf3 Nc6 3. Bb5 a6 4. Bxc6 dxc6 5. O-O Bg4 6. h3 h5 7. c3 Qd3 8. Re1
Bxf3 9. Qxf3 Qxf3 10. gxf3 O-O-O 11. Kf1 Ne7 12. Ke2 Ng6 13. d3 Be7 14. Be3 Nh4
15. Rg1 Rhg8 16. Nd2 f5 17. Bg5 Ng6 18. Bxe7 Nxe7 19. Nc4 g5 20. Nxe5 Rdf8 21.
d4 fxe4 22. fxe4 Ng6 23. Nxg6 Rxg6 24. f3 Kd7 25. Raf1 Rgg8 26. Rg3 Rf4 27.
Rfg1 Rgf8 28. Rf1 Rg8 29. Ke3 Rh4 30. Rfg1 Rf8 31. Rxg5 Rxh3 32. R1g3 Rh2 33.
Rg2 Rh3 34. R2g3 Rh1 35. Rg1 Rh2 36. f4 h4 37. Rg7+ Kd8 38. f5 h3 39. Rh7 Rxb2
40. Rxh3 Rxa2 41. Rg7 Rb2 42. Rhh7 Kc8 43. Rxc7+ Kb8 44. Rcf7 Rg8 45. Rfg7 Rf8
46. Rf7 Rg8 47. f6 Rg3+ 48. Kf4 Rxc3 49. Rf8+ Ka7 50. f7 Rf2+ 51. Ke5 a5 52.
Rh5 Re3 53. Rf5 Rxf5+ 54. Kxf5 Rf3+ 55. Ke6 a4 56. Rh8 a3 57. f8=Q Rxf8 58.
Rxf8 b5 59. d5 b4 60. d6 a2 61. Rf1 b3 62. d7 b2 63. d8=Q a1=Q 64. Qd4+ 1-0

[Event "4NCL/Div1/SLO1 vs. PYO"]
[Site "Telford ENG"]
[Date "2003.04.12"]
[Round "7.6"]
[White "Player, Edmund C"]
[Black "Smith, Andrew P"]
[Result "1-0"]
[WhiteElo "2130"]
[BlackElo "2199"]
[PlyCount "85"]
[EventDate "2003.04.12"]

1. e4 c5 2. Nc3 d6 3. f4 g6 4. Nf3 Bg7 5. Bc4 Nc6 6. d3 Na5 7. Bb3 Nxb3 8. axb3
Nf6 9. O-O d5 10. e5 Ng4 11. h3 Nh6 12. g4 d4 13. Ne4 Qd5 14. Qe1 O-O 15. b4 c4
16. Qe2 f5 17. exf6 cxd3 18. Qxd3 exf6 19. Nc3 Qd8 20. Nb5 Qb6 21. Nbxd4 Qxb4
22. Bd2 Qb6 23. Ba5 Qd6 24. Qc4+ Rf7 25. Nb5 Qa6 26. Bb4 Be6 27. Qc5 Qc6 28.
Qxc6 bxc6 29. Nd6 Rd7 30. Rae1 Bd5 31. c4 Rb8 32. cxd5 Rxb4 33. dxc6 Rc7 34.
Rc1 Rb6 35. Nd4 f5 36. N6b5 Rc8 37. Nxa7 Rc7 38. Ne6 Rxa7 39. c7 Ra8 40. c8=Q+
Rxc8 41. Rxc8+ Kf7 42. Ng5+ Ke7 43. Rc7+ 1-0

[Event "4NCL/Div1/SLO1 vs. PYO"]
[Site "Telford ENG"]
[Date "2003.04.12"]
[Round "7.7"]
[White "Wademark, Helge"]
[Black "Gilbert, Jessie"]
[Result "1-0"]
[WhiteElo "2202"]
[BlackElo "2113"]
[PlyCount "117"]
[EventDate "2003.04.12"]

1. e4 c6 2. d4 d5 3. exd5 cxd5 4. Bd3 Nc6 5. c3 Nf6 6. Bf4 Bg4 7. Ne2 e6 8. Qb3
Qd7 9. Nd2 Be7 10. O-O O-O 11. Ng3 Nh5 12. Be3 Nxg3 13. hxg3 Bh5 14. Rae1 Bg6
15. Bxg6 hxg6 16. Nf3 Rab8 17. Bf4 Bd6 18. Re2 b5 19. a3 a5 20. a4 bxa4 21.
Qxa4 Bxf4 22. gxf4 Rb6 23. Ra1 Rfb8 24. Ra2 Rb3 25. Ne5 Nxe5 26. fxe5 Qxa4 27.
Rxa4 R3b5 28. g3 g5 29. Kg2 Kf8 30. Rc2 f6 31. c4 dxc4 32. exf6 gxf6 {(=)} 33.
Rcxc4 Ke7 34. Rc6 Kd7 35. Ra6 Rxb2 36. R6xa5 Kd6 37. Ra7 R8b7 38. Ra8 Rd2 39.
R8a6+ Ke7 40. Rc6 Kd7 41. Rc3 Rbb2 42. Rf3 f5 43. Ra7+ Kd6 44. Ra6+ Kd5 45. g4
Rxd4 46. gxf5 g4 47. Ra5+ Kd6 48. Re3 exf5 {(=)} 49. Rxf5 Kd7 50. Rf6 Rc2 51.
Kg3 Rb2 52. Rf7+ Kd6 53. Re8 Rc4 54. Rf6+ Kd7 55. Ref8 Rb3+ 56. Kg2 Rc2 57.
R8f7+ Ke8 58. Rg7 Rb4 59. Ra7 1-0

[Event "4NCL/Div1/SLO1 vs. PYO"]
[Site "Telford ENG"]
[Date "2003.04.12"]
[Round "7.8"]
[White "Bennet, William D"]
[Black "Armstrong, Malcolm J"]
[Result "1-0"]
[WhiteElo "2054"]
[BlackElo "2151"]
[PlyCount "53"]
[EventDate "2003.04.12"]

1. d4 d5 2. c4 e6 3. Nc3 Nf6 4. cxd5 exd5 5. Bg5 Be7 6. e3 O-O 7. Bd3 Nbd7 8.
Nge2 c6 9. O-O Re8 10. Qc2 h6 11. Bh4 Ne4 12. Bxe4 dxe4 13. Bg3 f5 14. Nb5 Nf6
15. Nc7 Nd5 16. Qb3 Kh7 17. Nxa8 Bd6 18. Nc3 Nf6 19. Qa4 Bxg3 20. hxg3 Ng4 21.
d5 Qg5 22. Rfd1 Qh5 23. Ne2 cxd5 24. Nf4 Qh2+ 25. Kf1 Re7 26. Ke2 g5 27. Rh1
1-0